000 nam a22 7a 4500
999 _c7581
_d7581
008 170921b xxu||||| |||| 00| 0 eng d
100 _aBhanumati S
_94095
245 _aTeaching science and technology
260 _aNew Delhi
_bNCERT
_c2003